00819nam a22002417a 4500010001100000035001100011037001800022040001200040082001700052100001800069245008700087260004100174270002900215300002600244650002800270650004600298650003200344700001900376700001700395942002600412999001900438952012000457 a731459 a731459 bCen Lib / Ret aDPLbEn a016.954bGID aGidwani, N.N. aA guide to reference materials on India /cedited by N N Gidwani [and] K Navalani aJaipurbSaraswati Publicaitonsc1974 a757, Ashok ChowkbJaipur a(v 1. 680p)c27cm(Hb) aIndia -- Bibliography.  aIndia -- Reference books -- Bibliography. aIndia -- Library resources. aGidwani, N. N. aNavalani, K. 2ddccENh016.954mGID c137035d137035 00102ddc3v 14070aLbLd2016-03-15eCen Lib/Retl0o016.954 GIDp731459r2016-03-15 00:00:00t1w2016-03-15yEN